Les religions des acteurs ! - Statistiques

Statistiques générales
  • Ce quiz a été pris 2 482 fois
  • Le résultat moyen est 9 sur 12
Statistiques - réponses
Acteur Réponse % Correct
Jim Carrey Chrétien
98%
Steve Carell Chrétien
98%
Gad Elmaleh Chrétien
98%
Leonardo DiCaprio Chrétien
98%
Will Smith Chrétien
98%
Martin Freeman Chrétien
98%
Omar Sy Musulman
97%
Samy Seghir Musulman
97%
Margot Robbie Juive
36%
Michelle Laroque Juive
36%
Jean-Paul Rouve Agnostique
29%
Morgan Freeman Agnostique
29%
Aucun quiz correspondant
Distribution des résultats
% des personnes avec chaque résultat
Percentile par nombre de réponses
Votre historique - résultats
Vous n’avez pas pris ce quiz